Point process theory and applications : marked point and piecewise deterministic processes

Αποθηκεύτηκε σε:
Λεπτομέρειες βιβλιογραφικής εγγραφής
Κύριος συγγραφέας: Jacobsen, Martin
Μορφή: Βιβλίο
Γλώσσα:English
Δημοσίευση: Boston : Birkhauser, c2006
Σειρά:Probability and its applications
Θέματα:
Ετικέτες: Προσθήκη ετικέτας
Δεν υπάρχουν, Καταχωρήστε ετικέτα πρώτοι!

MARC

LEADER 00000nam a2200000 i 4500
001 1/64085
008 071122s2006 eng d
020 |a 978-0-8176-4215-0 
020 |a 0-8176-4215-3 
035 |l 10092481 
040 |a GR-MY-UA  |b gre  |e aacr 
041 0 |a eng 
082 0 |a 519.23  |2 (22) 
100 1 |a Jacobsen, Martin. 
245 1 0 |a Point process theory and applications :  |b marked point and piecewise deterministic processes /  |c Martin Jacobsen 
260 |a Boston :   |b Birkhauser,   |c c2006 
300 |a x, 328 σ.;  |b εικ.;  |c 24 εκ. 
490 1 |a Probability and its applications 
504 |a Περιέχει βιβλιογραφικές παραπομπές (σ. [315]-319) και ευρετήριο 
650 0 0 |a Point processes. 
650 0 0 |a Stochastic processes. 
830 0 |a Probability and its applications 
852 |a INST  |b SAMOS  |e 20071122  |h 519.23 JAC  |p 005300027744  |q 005300027744  |t BK  |y 0 
901 |a BIBL3-2007-3 
909 |a Σ  |b 140286 
922 |a 3ΕΛΗ  |b 200711  |c ΕΠΕΑΕΚ2/ΤΣΑΕ  |d ΠΑΠΑΣΩΤΗΡΙΟΥ 
970 |a ΡΟΥΣΣΟΥ  |b ΚΩΝΣΤΑΝΤΙΝΑ  |z 2007/11/22